Loading...
| History - European | 0 | 8 | 1 | 2 | 75 | 17 | 78.00 | 6 | 8 | 0.00 | 0.00 |
| History - Other | 0 | 7 | 1 | 0 | 65 | 43 | 58.86 | 4 | 7 | 0.00 | 0.00 |
| Literature - European | 0 | 6 | 0 | 0 | 60 | 53 | 74.17 | 2 | 6 | 0.00 | 0.00 |
| Literature - British | 0 | 6 | 0 | 1 | 60 | 48 | 92.00 | 1 | 6 | 0.00 | 0.00 |
| History - American | 0 | 6 | 1 | 1 | 55 | 15 | 73.33 | 3 | 6 | 0.00 | 0.00 |
| Fine Arts - Other | 0 | 5 | 0 | 1 | 50 | 104 | 123.20 | 1 | 5 | 0.00 | 0.00 |
| Literature - American | 0 | 5 | 0 | 2 | 50 | 61 | 109.60 | 1 | 5 | 0.00 | 0.00 |
| Religion | 0 | 5 | 1 | 1 | 45 | 53 | 92.80 | 1 | 5 | 0.00 | 0.00 |
| Social Science | 0 | 5 | 2 | 0 | 40 | 45 | 65.80 | 4 | 5 | 0.00 | 0.00 |
| Philosophy | 0 | 4 | 0 | 1 | 40 | 69 | 80.00 | 1 | 4 | 0.00 | 0.00 |
| Mythology | 0 | 4 | 0 | 1 | 40 | 96 | 111.50 | 0 | 4 | 0.00 | 0.00 |
| History - World | 0 | 4 | 1 | 1 | 35 | 66 | 94.00 | 2 | 4 | 0.00 | 0.00 |
| Fine Arts - Painting and Sculpture | 0 | 4 | 2 | 2 | 30 | 78 | 106.25 | 0 | 4 | 0.00 | 0.00 |
| Literature - World | 0 | 3 | 2 | 0 | 20 | 58 | 94.00 | 1 | 3 | 0.00 | 0.00 |
| Fine Arts - Classical Music | 0 | 2 | 0 | 0 | 20 | 125 | 125.00 | 0 | 2 | 0.00 | 0.00 |
| Current Events | 0 | 1 | 0 | 0 | 10 | 102 | 102.00 | 0 | 1 | 0.00 | 0.00 |
| Geography | 0 | 1 | 0 | 0 | 10 | 93 | 93.00 | 1 | 1 | 0.00 | 0.00 |